Tractat de l'Assafea d'Azarquiel (Record no. 129635)

MARC details
000 -LEADER
campo de control de longitud fija 00963nam a2200241 i 4500
001 - NÚMERO DE CONTROL
campo de control 129635
003 - IDENTIFICADOR DE NÚMERO DE CONTROL
campo de control ES-MaACL
005 - FECHA Y HORA DE LA ÚLTIMA TRANSACCIÓN
campo de control 20250822153249.0
007 - CAMPO FIJO DE DESCRIPCIÓN FÍSICA--INFORMACIÓN GENERAL
campo de control de longitud fija t|
008 - DATOS DE LONGITUD FIJA--INFORMACIÓN GENERAL
campo de control de longitud fija 070627s1933 sp ||||1| cat d
080 ## - NÚMERO DE LA CLASIFICACIÓN DECIMAL UNIVERSAL
Número de la Clasificación Decimal Universal 52(02)"12"
100 1# - ENTRADA PRINCIPAL--NOMBRE DE PERSONA
Nombre de persona Jacob Ben Mahir Ben Tibbon.
9 (RLIN) 147671
245 10 - MENCIÓN DEL TÍTULO
Título Tractat de l'Assafea d'Azarquiel
Resto del título : edició crítica dels textos hebraic i llatí amb traducció, práoleg i notes per J. Milláas i Vallicrosa /
Mención de responsabilidad, etc. Profeit Tibbon.
260 ## - PUBLICACIÓN, DISTRIBUCIÓN, ETC.
Lugar de publicación, distribución, etc. Barcelona :
Nombre del editor, distribuidor, etc. Universidad, Facultat de Filosofia i Lletras,
Fecha de publicación, distribución, etc. 1933.
300 ## - DESCRIPCIÓN FÍSICA
Extensión LIII, 152 p., 2 lám. ;
Dimensiones 22 cm.
490 1# - MENCIÓN DE SERIE
Mención de serie Biblioteca Hebraico-catalana ;
Designación de volumen o secuencia 4
650 ## - PUNTO DE ACCESO ADICIONAL DE MATERIA--TÉRMINO DE MATERIA
Término de materia o nombre geográfico como elemento de entrada Astronomía-
Subdivisión de forma Obras anteriores a 1800.
9 (RLIN) 10389
700 1# - ENTRADA AGREGADA--NOMBRE PERSONAL
Nombre de persona Millás Vallicrosa, José María,
Fechas asociadas al nombre 1888-1970
9 (RLIN) 81191
710 2# - ENTRADA AGREGADA--NOMBRE DE ENTIDAD CORPORATIVA
Nombre de entidad corporativa o nombre de jurisdicción como elemento de entrada Universidad. Facultat de Filosofia i Lletras.
9 (RLIN) 7377
830 0# - PUNTO DE ACCESO ADICIONAL DE SERIE-TÍTULO UNIFORME
Título uniforme Biblioteca Hebraico-catalana ;
Designación de volumen o secuencia 4
9 (RLIN) 219360
852 ## - LOCALIZACIÓN
Ubicación ES-MaACL
Número de control de estantería C-8137
Holdings
Estatus retirado Estado de pérdida Estado de daño No para préstamo Biblioteca de origen Biblioteca actual Ubicación en estantería Fecha de adquisición Fuente de adquisición Total de préstamos Signatura topográfica completa Código de barras Visto por última vez Precio de reemplazo Tipo de ítem Koha
        Biblioteca del Ateneo de Madrid Biblioteca del Ateneo de Madrid Sala Palomar 17/01/2008     C-8137 1134989 23/02/2023 23/02/2023 Libro impreso